01267nam a2200241Ia 4500001001100000003001000011008004100021040002500062041001300087100001500100245007500115250001100190260007600201300001200277500019200289501011400481520019200595650002100787942000700808957000600815999004200821952016200863L269-31885IT-CnALBA170116s9999||||xx |||||||||||||| ||und|| aIT-CnALBAcIT-CnALBA aITALIANO aCONTI GINO 0aUN SEGRETO SVELATO. - IL MOVIMENTO NEOCATECUMENALE DI KIKO ARGUELLO.  a1a ed. a UDINEbSEGNO, EDIZIONI c1997 [1° Ed.:1997 - Ed.Ling.Originale: 1997] a278 p.  aI SEGNI DELLA FEDE. CRISI DELLA FEDE. SALE, LUCE, LIEVITO. CHI È DIO, CHI SONO IO. IL KERIGMA. LA PENITENZA. LA CONVIVENZA. L'EUCARISTIA. IL DISCORSO DELLA MONTAGNA. IL SERVO DI JAHVE.  aSocietà San Paolo EM - Piazza San Paolo, 14 - 12051 ALBA (CN) (non commercial uses only) ® Copyright 2017 aI SEGNI DELLA FEDE. CRISI DELLA FEDE. SALE, LUCE, LIEVITO. CHI È DIO, CHI SONO IO. IL KERIGMA. LA PENITENZA. LA CONVIVENZA. L'EUCARISTIA. IL DISCORSO DELLA MONTAGNA. IL SERVO DI JAHVE.  aEVANGELIZZAZIONE cBK 71 a36653bNOg Copie: 1 c290717d290717 0010406L_2693188571aALBAbALBAd2017-01-16l0oL269-31885r2017-01-16 00:00:00w2017-01-16yBKz(data import: 16 gennaio 2017) - By Epidotti, Vaglietti.